[Event "20e tournoi d'automne"]
[Site "Montigny le Bretonneux"]
[Date "2022.10.23"]
[Round "2.6"]
[White "Li, Zi-Long"]
[Black "Kunne, Ronald"]
[Result "1-0"]
[WhiteElo "1771"]
[BlackElo "1533"]
[Annotator "Rivier,Sylvain"]
[PlyCount "97"]
[EventDate "2022.??.??"]

{Gambit dame, défense semi-slave} 1. d4 d5 2. c4 c6 3. Nc3 Nf6 4. e3 e6 5. Nf3
Bd6 6. Be2 dxc4 7. a4 Nbd7 8. Nd2 O-O 9. Nxc4 Bc7 10. b3 e5 11. Ba3 Re8 12. Nd6
Re6 13. Nxc8 Rxc8 14. d5 cxd5 15. Nxd5 Nxd5 16. Qxd5 Nf6 17. Qxd8+ Bxd8 18. O-O
Be7 19. Bc4 Rxc4 20. bxc4 Bxa3 21. Rxa3 Rc6 22. Rc3 Ra6 23. Ra1 Rd6 24. Rc2 Ne4
25. g3 Nc5 26. Rb2 b6 27. a5 f5 28. axb6 axb6 29. Rab1 Nd7 30. Kf1 f4 31. Ke2
Rh6 32. h4 fxg3 33. fxg3 Rc6 34. Rb4 e4 35. c5 bxc5 36. Rxe4 g5 37. Re7 Rb6 38.
Rd1 Nf8 39. hxg5 Rg6 40. Rd5 Ne6 41. Kf2 Rxg5 42. Rxg5+ Nxg5 43. Re5 h6 44. Kg2
Kf7 45. Rxc5 Ne6 46. Rc6 Kf6 47. Kf3 Ke5 48. Rxe6+ Kxe6 49. Kg4 1-0

[Event "20e tournoi d'automne"]
[Site "Montigny le Bretonneux"]
[Date "2022.10.23"]
[Round "2.7"]
[White "Alata, Aurelien"]
[Black "Yu, Matthieu"]
[Result "0-1"]
[WhiteElo "1306"]
[BlackElo "1743"]
[Annotator "Rivier,Sylvain"]
[PlyCount "84"]
[EventDate "2022.??.??"]

{Gambit dame, défense slave} 1. d4 d5 2. c4 c6 3. Nf3 Nf6 4. Qc2 g6 5. g3 Bg7
6. Bg2 O-O 7. O-O Bf5 8. Qb3 Qb6 9. Nbd2 Ne4 10. cxd5 Qxb3 11. Nxb3 cxd5 12.
Bf4 Nc6 13. Rac1 Rac8 14. e3 b6 15. a3 a5 16. h3 a4 17. Na1 Na5 18. g4 Be6 19.
Rb1 Nc4 20. Rfd1 f5 21. Ng5 Nxg5 22. Bxg5 fxg4 23. hxg4 Bf6 24. Bf4 Rfd8 25. g5
Bg7 26. Nc2 Bf5 27. Rdc1 Nd2 28. e4 Nxe4 29. Ne3 Bxd4 30. Rxc8 Rxc8 31. Nxd5
Bxf2+ 32. Kh2 Kf7 33. Ne3 Bxe3 34. Bxe3 Rc2 35. Kg1 Nc5 36. Bc6 Ne6 37. Bb5 Nc7
38. Bxa4 Re2 39. Bb3+ Ne6 40. Bxe6+ Kxe6 41. Rc1 Rxe3 42. Kf2 Rb3 0-1

[Event "20e tournoi d'automne"]
[Site "Montigny le Bretonneux"]
[Date "2022.10.23"]
[Round "2.8"]
[White "Orfila, Kristofer"]
[Black "Larzilliere, Eric"]
[Result "1-0"]
[WhiteElo "1740"]
[BlackElo "1457"]
[Annotator "Rivier,Sylvain"]
[PlyCount "43"]
[EventDate "2022.??.??"]

{DÃ©fense GrÃ¼nfeld, variante d'Ã©change classique} 1. d4 Nf6 2. c4 g6 3. Nc3
d5 4. cxd5 Nxd5 5. e4 Nxc3 6. bxc3 Bg7 7. Bc4 c5 8. Ne2 Nc6 9. Be3 cxd4 10.
cxd4 Qa5+ 11. Kf1 b5 12. Bd5 Bb7 13. Rc1 Rc8 14. Bb3 O-O 15. h4 e6 16. h5 Ne7
17. Rxc8 Rxc8 18. hxg6 Bxe4 19. gxf7+ Kxf7 20. Nf4 Bf5 21. Qh5+ Ng6 22. Qxf5+
1-0

[Event "20e tournoi d'automne"]
[Site "Montigny le Bretonneux"]
[Date "2022.10.23"]
[Round "2.9"]
[White "Touiller, Thibault"]
[Black "Rauche, Michel"]
[Result "1-0"]
[WhiteElo "1712"]
[BlackElo "1298"]
[Annotator "Rivier,Sylvain"]
[PlyCount "80"]
[EventDate "2022.??.??"]

{Gambit dame refusé} 1. d4 d5 2. Nf3 Nf6 3. c4 e6 4. Qc2 Be7 5. g3 b6 6. cxd5
exd5 7. Nc3 a6 8. Bg2 Bb7 9. O-O O-O 10. Rd1 Nbd7 11. Ne5 c5 12. Bf4 cxd4 13.
Rxd4 Bc5 14. Rdd1 Nxe5 15. Bxe5 Bxf2+ 16. Kxf2 Ng4+ 17. Kg1 Nxe5 18. Nxd5 Rc8
19. Qf5 Nc6 20. Be4 g6 21. Qf2 f5 22. Nxb6 fxe4 23. Rxd8 Rcxd8 24. Qe3 Nd4 25.
Na4 Rd6 26. Nc5 Bc6 27. Rf1 Nf5 28. Qb3+ Bd5 29. Qa3 Bc4 30. Nxe4 Re6 31. Nc3
Rfe8 32. Rf2 Re3 33. Qc5 Bf7 34. Nd5 Bxd5 35. Qxd5+ Kg7 36. g4 R3e5 37. Qb7+
R5e7 38. Qxa6 Nd4 39. Qf6+ Kh6 40. Qf4+ Kg7 1-0

[Event "20e tournoi d'automne"]
[Site "Montigny le Bretonneux"]
[Date "2022.10.23"]
[Round "2.10"]
[White "Plantet, Marc"]
[Black "Duget, Long Jc"]
[Result "0-1"]
[WhiteElo "1739"]
[BlackElo "1639"]
[Annotator "Rivier,Sylvain"]
[PlyCount "74"]
[EventDate "2022.??.??"]

{Défense sicilienne, attaque yougoslave} 1. e4 c5 2. Nf3 g6 3. d4 cxd4 4. Nxd4
Bg7 5. Be3 d6 6. Bc4 Nf6 7. Nc3 O-O 8. f3 a6 9. Qd2 Re8 10. h4 e5 11. Nde2 Be6
12. Bb3 Qc7 13. g4 Nbd7 14. O-O-O Bxb3 15. axb3 Bf8 16. Ng3 Rac8 17. h5 Nc5 18.
hxg6 fxg6 19. Qh2 b5 20. Bg5 b4 21. Bxf6 bxc3 22. Kb1 Nxb3 23. bxc3 Rb8 24. Ka2
Qf7 25. c4 Nd4 26. Ka1 Rb7 27. Rxd4 exd4 28. Bxd4 Qxc4 29. c3 Reb8 30. Qa2
Qxa2+ 31. Kxa2 Rb2+ 32. Ka1 Rg2 33. Nf1 Rbb2 34. c4 Ra2+ 35. Kb1 Bg7 36. Bxg7
Kxg7 37. Rh3 Rae2 0-1

[Event "20e tournoi d'automne"]
[Site "Montigny le Bretonneux"]
[Date "2022.10.23"]
[Round "2.11"]
[White "Ndika, Anthony"]
[Black "Kvashyna, Tetyana"]
[Result "0-1"]
[WhiteElo "1265"]
[BlackElo "1677"]
[Annotator "Rivier,Sylvain"]
[PlyCount "64"]
[EventDate "2022.??.??"]

{Gambit dame} 1. c4 e6 2. Nc3 d5 3. d4 c6 4. Nf3 dxc4 5. e4 b5 6. a4 Bb4 7. Bd2
a5 8. axb5 Bxc3 9. Bxc3 cxb5 10. d5 Nf6 11. Bxf6 Qxf6 12. e5 Qg6 13. d6 Bb7 14.
Ra3 Nd7 15. Re3 Bxf3 16. gxf3 O-O 17. f4 Qf5 18. Bg2 Rac8 19. Bb7 Rc5 20. Qd4
g6 21. O-O f6 22. exf6 Rxf6 23. Re5 Nxe5 24. fxe5 Qxe5 25. Qxe5 Rxe5 26. d7 Rf8
27. Rd1 Rd8 28. Rd6 Kf7 29. Bc8 Re2 30. Rc6 Rxb2 31. Rc7 Ke7 32. Kg2 a4 0-1

[Event "20e tournoi d'automne"]
[Site "Montigny le Bretonneux"]
[Date "2022.10.23"]
[Round "2.12"]
[White "Cogez, Celine"]
[Black "Ganbat, Tushig"]
[Result "1-0"]
[WhiteElo "1651"]
[BlackElo "1309"]
[Annotator "Rivier,Sylvain"]
[PlyCount "127"]
[EventDate "2022.??.??"]

{Défense sicilienne, variante Alapine} 1. e4 c5 2. c3 e6 3. d4 d5 4. exd5 exd5
5. Nf3 Nf6 6. Be3 cxd4 7. Nxd4 Nc6 8. Bb5 Bd7 9. h3 Nxd4 10. Bxd7+ Qxd7 11.
Bxd4 Be7 12. O-O O-O 13. Nd2 b6 14. Nf3 h6 15. Qd3 Rac8 16. Rad1 Rfd8 17. Rfe1
Nh7 18. Re2 Bf6 19. Rde1 Re8 20. Rxe8+ Rxe8 21. Rxe8+ Qxe8 22. Kf1 Bxd4 23.
Nxd4 Nf6 24. f3 Nh5 25. Ne2 Qc6 26. g4 Nf6 27. Nd4 Qc4 28. Qxc4 dxc4 29. Ke2
Nd5 30. Kd2 g6 31. Nb5 a6 32. Nd6 Nf4 33. Nxc4 b5 34. Ke3 Nxh3 35. Nd2 Kf8 36.
b3 Ng5 37. c4 bxc4 38. bxc4 Ne6 39. Ke4 Ke7 40. Kd5 Kd7 41. Ne4 h5 42. gxh5
Nf4+ 43. Ke5 Nxh5 44. Nf6+ Nxf6 45. Kxf6 Ke8 46. c5 a5 47. f4 Kd7 48. Kxf7 Kc6
49. Kxg6 Kxc5 50. f5 Kb4 51. f6 Ka3 52. f7 Kxa2 53. f8=Q a4 54. Qf2+ Kb3 55.
Qe3+ Kb2 56. Qd4+ Kb3 57. Qd3+ Kb2 58. Qb5+ Ka3 59. Kf5 Ka2 60. Qxa4+ Kb2 61.
Ke4 Kc1 62. Qa2 Kd1 63. Kd3 Ke1 64. Qe2# 1-0

[Event "20e tournoi d'automne"]
[Site "Montigny le Bretonneux"]
[Date "2022.10.23"]
[Round "2.13"]
[White "Marillonnet, Paul"]
[Black "Mouton, Galina"]
[Result "0-1"]
[WhiteElo "1278"]
[BlackElo "1406"]
[Annotator "Rivier,Sylvain"]
[PlyCount "118"]
[EventDate "2022.??.??"]

{DÃ©fense est-indienne} 1. d4 Nf6 2. c4 d6 3. Nc3 g6 4. Nf3 Bg7 5. Bg5 O-O 6.
e3 Nbd7 7. Bd3 c5 8. O-O h6 9. Bh4 b6 10. Rc1 Bb7 11. d5 e6 12. Bb1 e5 13. Ne4
Qc7 14. Nfd2 Nxe4 15. Nxe4 f5 16. Nc3 a6 17. f3 g5 18. Be1 Rf6 19. Ne2 Raf8 20.
Bc3 R6f7 21. Qc2 Bh8 22. Rf2 Nf6 23. Qxf5 Nxd5 24. Qg6+ Rg7 25. Qe6+ Qf7 26.
Qxf7+ Rgxf7 27. cxd5 g4 28. f4 b5 29. a3 Bg7 30. Rcf1 Bxd5 31. fxe5 dxe5 32.
Rxf7 Bxf7 33. Rf5 Re8 34. Rf2 h5 35. Bh7+ Kxh7 36. Rxf7 Kh6 37. e4 Kg6 38. Rf5
Bf6 39. h3 gxh3 40. gxh3 h4 41. Kf2 Bg7 42. Kf3 c4 43. Kg4 Rf8 44. Rxf8 Bxf8
45. Bxe5 Be7 46. Nf4+ Kh6 47. Ng2 a5 48. Ne3 Bc5 49. Kxh4 Bxe3 50. Kg4 Kh7 51.
Bd6 Bd4 52. e5 Bxb2 53. e6 Kg7 54. e7 Kf7 55. h4 Bf6 56. Kh5 Bxe7 57. Bxe7 Kxe7
58. Kh6 c3 59. h5 c2 0-1

[Event "20e tournoi d'automne"]
[Site "Montigny le Bretonneux"]
[Date "2022.10.23"]
[Round "2.14"]
[White "Dang, Louis"]
[Black "Aidan, David"]
[Result "1-0"]
[WhiteElo "1394"]
[BlackElo "1266"]
[Annotator "Rivier,Sylvain"]
[PlyCount "69"]
[EventDate "2022.??.??"]

{DÃ©fense des deux cavaliers} 1. e4 e5 2. Nf3 Nf6 3. Nc3 Nc6 4. Bc4 Nxe4 5.
Bxf7+ Kxf7 6. Nxe4 d5 7. Neg5+ Kg8 8. d3 h6 9. Nh3 Bxh3 10. gxh3 Bd6 11. Qe2
Qd7 12. Be3 Qxh3 13. O-O-O Qe6 14. Rhg1 d4 15. Bxd4 Qxa2 16. Bc3 Re8 17. Rg4
Qf7 18. Rdg1 Rh7 19. Qe3 Qf6 20. Rg6 Qf4 21. Qxf4 exf4 22. Rxg7+ Rxg7 23. Rxg7+
Kf8 24. Rg2 Ne5 25. Nh4 Kf7 26. Nf5 Re6 27. d4 Nf3 28. Rg7+ Kf8 29. d5 Re2 30.
Kd1 Rxf2 31. Nxh6 Ne5 32. Rg5 Ke7 33. Bxe5 Bxe5 34. Rxe5+ Kf6 35. Ng4+ 1-0

[Event "20e tournoi d'automne"]
[Site "Montigny le Bretonneux"]
[Date "2022.10.23"]
[Round "2.15"]
[White "Bisson, Bernard"]
[Black "Longbien, Dominique"]
[Result "0-1"]
[WhiteElo "1228"]
[BlackElo "1379"]
[Annotator "Rivier,Sylvain"]
[PlyCount "56"]
[EventDate "2022.??.??"]

{DÃ©fense Caro-Kann, variante d'avance} 1. e4 c6 2. Nf3 d5 3. e5 Bf5 4. d4 h6
5. Be2 e6 6. O-O Bb4 7. c3 Ba5 8. b4 Bb6 9. Nbd2 Ne7 10. Nb3 Nd7 11. Nh4 O-O
12. Bf4 g5 13. Bxg5 hxg5 14. Nf3 Ng6 15. Qd2 Nf4 16. Bd1 f6 17. g3 Nh3+ 18. Kh1
fxe5 19. Nc5 Bxc5 20. bxc5 Be4 21. Qe2 Qf6 22. Qe3 g4 23. dxe5 Nxe5 24. c4 Nxf3
25. Rc1 Nd2+ 26. f3 Nxf1 27. Qb3 gxf3 28. Qxb7 f2+ 0-1

[Event "20e tournoi d'automne"]
[Site "Montigny le Bretonneux"]
[Date "2022.10.23"]
[Round "2.16"]
[White "Benard, Franck"]
[Black "Montay, Jean-Paul"]
[Result "1-0"]
[WhiteElo "1365"]
[BlackElo "1229"]
[Annotator "Rivier,Sylvain"]
[PlyCount "84"]
[EventDate "2022.??.??"]

{Partie des quatre cavaliers, variante écossaise} 1. e4 e5 2. Nf3 Nc6 3. Nc3
Nf6 4. d3 h6 5. g3 d5 6. exd5 Nxd5 7. Bd2 Be7 8. Bg2 Be6 9. O-O O-O 10. Qc1 Bg5
11. Nxg5 hxg5 12. Bxg5 f6 13. Bd2 Nd4 14. Qd1 Qd7 15. Nxd5 Bxd5 16. Bxd5+ Qxd5
17. f4 e4 18. dxe4 Qxe4 19. Rf2 Rfe8 20. Rg2 Rad8 21. Rc1 Ne2+ 22. Rxe2 Qxe2
23. Qxe2 Rxe2 24. Bc3 c5 25. a3 Rd5 26. h4 g5 27. Kf1 Re6 28. hxg5 fxg5 29. Kf2
gxf4 30. gxf4 Kf7 31. Rh1 Ke8 32. Kf3 Rd7 33. Rh8+ Kf7 34. Rh7+ Ke8 35. Rh8+
Kf7 36. f5 Re8 37. Rh7+ Kf8 38. Rxd7 Re7 39. Rxe7 Kxe7 40. Ke4 b5 41. Kd5 c4
42. f6+ Kf7 1-0

[Event "20e tournoi d'automne"]
[Site "Montigny le Bretonneux"]
[Date "2022.10.23"]
[Round "2.17"]
[White "Boye-Monneret, Leonard"]
[Black "Danek, Victor"]
[Result "0-1"]
[WhiteElo "1199"]
[BlackElo "1342"]
[Annotator "Rivier,Sylvain"]
[PlyCount "72"]
[EventDate "2022.??.??"]

{Gambit dame} 1. d4 d5 2. c4 e6 3. Nc3 Nf6 4. cxd5 exd5 5. Bg5 Nbd7 6. e3 Be7
7. Bd3 O-O 8. Nge2 Re8 9. O-O Nf8 10. Qc2 Ng6 11. Nf4 c6 12. Rab1 a6 13. b4 Be6
14. Nxe6 fxe6 15. Bxg6 hxg6 16. Qxg6 Nh7 17. Bxe7 Qxe7 18. Na4 Qf6 19. Qxf6
Nxf6 20. Nc5 Re7 21. a4 b6 22. Nd3 Ne4 23. Rfc1 Nd2 24. Rb2 Nc4 25. Rbc2 Rc8
26. Ne5 Nxe5 27. dxe5 Rec7 28. b5 axb5 29. axb5 c5 30. Re2 Ra8 31. e4 d4 32. h3
Ra5 33. Rb2 c4 34. Rb4 c3 35. Rb3 c2 36. Rb2 Rc3 0-1

[Event "20e tournoi d'automne"]
[Site "Montigny le Bretonneux"]
[Date "2022.10.23"]
[Round "2.18"]
[White "Schwartz, Timothee"]
[Black "Larzilliere, Yoan"]
[Result "1-0"]
[WhiteElo "1334"]
[BlackElo "1199"]
[Annotator "Rivier,Sylvain"]
[PlyCount "119"]
[EventDate "2022.??.??"]

{DÃ fense sicilienne, variante Rossolimo} 1. e4 c5 2. Nf3 Nc6 3. Bb5 g6 4. O-O
Bg7 5. Re1 Nf6 6. c3 d6 7. Bxc6+ bxc6 8. e5 dxe5 9. Nxe5 Qc7 10. Qe2 Nd5 11. g3
O-O 12. Na3 Be6 13. Nd3 c4 14. Nc5 Bf5 15. Qxc4 a5 16. d4 Qb6 17. Qe2 Rfe8 18.
Nc2 Rab8 19. Ne3 Nxe3 20. Qxe3 e5 21. b3 h6 22. Qd2 Rbd8 23. Bb2 Qxc5 24. Qe2
exd4 25. Qxe8+ Rxe8 26. Rxe8+ Kh7 27. cxd4 Bxd4 28. Rc1 Qd5 29. Rd1 Bh3 30.
Rh8+ Bxh8 31. Rxd5 Bxb2 32. Rxa5 Be6 33. Ra6 Bd5 34. a4 Bxb3 35. Rb6 Bxa4 36.
Rxb2 Bb5 37. Kg2 g5 38. Kf3 Kg6 39. Ke4 f6 40. Rd2 h5 41. h4 Bc4 42. hxg5 Bd5+
43. Ke3 fxg5 44. Rd4 Kf6 45. f4 gxf4+ 46. Kxf4 Kg6 47. Ra4 Be6 48. Ra6 Bd5 49.
Ra8 Be6 50. Re8 Bd5 51. Re5 Bc4 52. Rg5+ Kh6 53. Kf5 Bd3+ 54. Kf6 Bc4 55. Re5
Bd5 56. Re8 Kh7 57. Kg5 Bf3 58. Re7+ Kg8 59. Kg6 Kf8 60. Rf7+ 1-0

[Event "20e tournoi d'automne"]
[Site "Montigny le Bretonneux"]
[Date "2022.10.23"]
[Round "2.19"]
[White "Yu, Etan"]
[Black "Briquet, Tom"]
[Result "0-1"]
[WhiteElo "1199"]
[BlackElo "1329"]
[Annotator "Rivier,Sylvain"]
[PlyCount "70"]
[EventDate "2022.??.??"]

{Partie italienne, guiocco piano} 1. e4 e5 2. Nf3 Nc6 3. Bc4 Bc5 4. d3 h6 5.
Bb3 Nf6 6. c3 d6 7. O-O O-O 8. Nbd2 Bg4 9. h3 Bh5 10. Re1 Qd7 11. Nf1 Rfe8 12.
Ng3 Bg6 13. Nh4 Bh7 14. Nhf5 Ne7 15. Nxh6+ gxh6 16. Bxh6 Bg6 17. Qf3 Nh7 18. h4
a5 19. h5 a4 20. hxg6 Nxg6 21. Nh5 Qe7 22. Ng7 axb3 23. Nxe8 Rxe8 24. axb3 Qh4
25. Bd2 Ng5 26. Qf6 Nh3+ 27. gxh3 Qxf6 28. Be3 Nh4 29. Re2 Qg6+ 30. Kf1 Qg2+
31. Ke1 Qg1+ 32. Kd2 Bxe3+ 33. fxe3 Qxa1 34. Kc2 Ra8 35. Rd2 Ra2 0-1

[Event "20e tournoi d'automne"]
[Site "Montigny le Bretonneux"]
[Date "2022.10.24"]
[Round "3.1"]
[White "Gouanelle, Franck"]
[Black "Orfila, Kristofer"]
[Result "1/2-1/2"]
[WhiteElo "2065"]
[BlackElo "1740"]
[Annotator "Rivier,Sylvain"]
[PlyCount "80"]
[EventDate "2022.??.??"]

{Défense sicilienne, variante Rossolimo} 1. e4 c5 2. Nf3 e6 3. d3 Nc6 4. g3 Nf6
5. Bg2 Be7 6. O-O d6 7. c3 O-O 8. Qe2 e5 9. h3 Re8 10. Na3 h6 11. Nc2 Be6 12.
d4 cxd4 13. cxd4 exd4 14. Ncxd4 Bf8 15. Nxc6 bxc6 16. Qc2 Bd7 17. Re1 d5 18.
exd5 Rxe1+ 19. Nxe1 cxd5 20. Be3 Be6 21. Rd1 Qd7 22. Kh2 Rc8 23. Qe2 Qa4 24. b3
Qa5 25. Rd4 Bd7 26. Nd3 Bb5 27. a4 Ba6 28. Qd1 Qc3 29. Nf4 Bc5 30. Nxd5 Nxd5
31. Bxd5 Bxd4 32. Bxd4 Qd3 33. Qxd3 Bxd3 34. Bxa7 Bc2 35. a5 Rd8 36. Bg2 Bxb3
37. a6 Rd6 38. Bb7 Bc4 39. Bc5 Rxa6 40. Bxa6 Bxa6 1/2-1/2

[Event "20e tournoi d'automne"]
[Site "Montigny le Bretonneux"]
[Date "2022.10.24"]
[Round "3.2"]
[White "Yu, Matthieu"]
[Black "Divies, Renaud"]
[Result "0-1"]
[WhiteElo "1743"]
[BlackElo "1930"]
[Annotator "Rivier,Sylvain"]
[PlyCount "58"]
[EventDate "2022.??.??"]

{Défense vieille Benoni} 1. d4 c5 2. d5 g6 3. c4 Bg7 4. Nc3 d6 5. Nf3 e5 6. e4
Ne7 7. Qa4+ Nd7 8. Nb5 O-O 9. Bd3 h6 10. Qa3 Nf6 11. h3 Nh5 12. g4 Nf4 13. Bxf4
exf4 14. O-O-O a6 15. e5 Bxg4 16. hxg4 axb5 17. Qb3 bxc4 18. Bxc4 dxe5 19. d6
Nc6 20. Qd3 Qf6 21. g5 hxg5 22. Rd2 Nd4 23. Nxe5 Qxe5 24. Qxg6 Qf5 25. Qh5 g4
26. Qh4 Nf3 27. Qe7 Nxd2 28. Kxd2 Bf6 29. Qxb7 Rad8 0-1

[Event "20e tournoi d'automne"]
[Site "Montigny le Bretonneux"]
[Date "2022.10.24"]
[Round "3.3"]
[White "Touiller, Thibault"]
[Black "Forissier, Nicolas"]
[Result "0-1"]
[WhiteElo "1712"]
[BlackElo "1922"]
[Annotator "Rivier,Sylvain"]
[PlyCount "120"]
[EventDate "2022.??.??"]

{DÃ©fense GrÃ¼nfeld, variante d'"Ã©change} 1. d4 Nf6 2. c4 g6 3. Nc3 d5 4. cxd5
Nxd5 5. e4 Nxc3 6. bxc3 Bg7 7. Be3 c5 8. Nf3 O-O 9. Be2 Nc6 10. O-O cxd4 11.
cxd4 Bg4 12. d5 Ne5 13. Nxe5 Bxe2 14. Qxe2 Bxe5 15. Rab1 Qd7 16. Rfc1 Rfc8 17.
Rxc8+ Rxc8 18. Bxa7 Qa4 19. Be3 Qxe4 20. Qd1 Rc2 21. Rxb7 Rxa2 22. Ra7 Rb2 23.
Ra8+ Kg7 24. Rc8 Rb5 25. Rc5 Rb1 26. Rc1 Rxc1 27. Bxc1 Bd4 28. Qd2 Qxd5 29. Bb2
e5 30. Bc1 Qc5 31. Qh6+ Kg8 32. Be3 Qc3 33. g3 Bxe3 34. fxe3 Qe1+ 35. Kg2 Qe2+
36. Kg1 f6 37. h3 Qf3 38. g4 Qg3+ 39. Kf1 Qf3+ 40. Ke1 e4 41. Kd2 Qf1 42. Kc3
Qd3+ 43. Kb2 Qd6 44. Ka2 g5 45. Qh5 Qe6+ 46. Kb2 Kg7 47. Kc3 Qd7 48. Kc4 Qd3+
49. Kb4 Qxe3 50. Qe8 Qd4+ 51. Kb3 Qe5 52. Qd7+ Kg6 53. Qd8 Qb5+ 54. Ka2 Qc4+
55. Ka1 Qa4+ 56. Kb2 Qb4+ 57. Ka2 Qb7 58. Ka3 Kg7 59. Qe8 Qa7+ 60. Kb3 Qf7+ 0-1

[Event "20e tournoi d'automne"]
[Site "Montigny le Bretonneux"]
[Date "2022.10.24"]
[Round "3.4"]
[White "Martin-Breteau, Paul"]
[Black "Li, Zi-Long"]
[Result "1-0"]
[WhiteElo "1329"]
[BlackElo "1771"]
[Annotator "Rivier,Sylvain"]
[PlyCount "71"]
[EventDate "2022.??.??"]

{Défense Caro-Kann, variante des deux cavaliers} 1. e4 c6 2. Nc3 d5 3. Nf3 Bg4
4. h3 Bxf3 5. Qxf3 e6 6. d4 Nf6 7. exd5 cxd5 8. Bd3 Nc6 9. Ne2 a6 10. c3 b5 11.
Bf4 Bd6 12. Bg5 Be7 13. Bf4 Bd6 14. Bg5 Be7 15. Bf4 h6 16. O-O Bd6 17. Rfe1 O-O
18. Qg3 Nh5 19. Qg4 Nxf4 20. Nxf4 Bxf4 21. Qxf4 b4 22. Re3 Qf6 23. Qd6 Rfc8 24.
Rf3 Qe7 25. Qf4 bxc3 26. bxc3 Qg5 27. Qxf7+ Kh8 28. Re1 e5 29. Qxd5 exd4 30.
Qe4 g6 31. Rg3 Qf5 32. Rxg6 Qxe4 33. Rxe4 dxc3 34. Rh4 Ra7 35. Rhxh6+ Rh7 36.
Rxh7+ 1-0

[Event "20e tournoi d'automne"]
[Site "Montigny le Bretonneux"]
[Date "2022.10.24"]
[Round "3.5"]
[White "Duget, Long Jc"]
[Black "Petitgas, Aurelien"]
[Result "1-0"]
[WhiteElo "1639"]
[BlackElo "1516"]
[Annotator "Rivier,Sylvain"]
[PlyCount "117"]
[EventDate "2022.??.??"]

{Défense française, variante Steinitz} 1. e4 e6 2. d4 d5 3. Nd2 Nf6 4. e5 Nfd7
5. f4 c5 6. c3 Nc6 7. Ndf3 Qb6 8. Ne2 f6 9. g3 cxd4 10. cxd4 Bb4+ 11. Kf2 fxe5
12. fxe5 Ndxe5 13. Nxe5 Nxe5 14. Kg2 O-O 15. Nf4 Nc6 16. Be3 Bd6 17. Qd2 Bxf4
18. gxf4 Ne7 19. Bd3 Nf5 20. Bxf5 Rxf5 21. Rac1 Bd7 22. a3 Raf8 23. Rhg1 Be8
24. h3 Bg6 25. Kh2 R5f6 26. b4 Be4 27. a4 Qa6 28. a5 Qd3 29. Qxd3 Bxd3 30. Rc3
Bc4 31. Rc2 Kf7 32. b5 Rg6 33. b6 Rxg1 34. Kxg1 a6 35. Bd2 Kf6 36. Bb4 Rd8 37.
Rg2 Rd7 38. Rg5 h6 39. Re5 Rd8 40. h4 Rc8 41. Kf2 Bd3 42. Re3 Rc2+ 43. Ke1 Bc4
44. Bd6 Kf5 45. Re5+ Kf6 46. f5 Re2+ 47. Rxe2 Bxe2 48. Kxe2 exf5 49. Be5+ Kf7
50. h5 g5 51. hxg6+ Kxg6 52. Kf3 Kf7 53. Kf4 Ke6 54. Kg3 Kd7 55. Kf4 Ke6 56.
Bg7 h5 57. Kg5 Kd7 58. Kxf5 Kc6 59. Ke5 1-0

[Event "20e tournoi d'automne"]
[Site "Montigny le Bretonneux"]
[Date "2022.10.24"]
[Round "3.6"]
[White "Delmas-Goyon, Francois"]
[Black "Beaufils, Philippe"]
[Result "1/2-1/2"]
[WhiteElo "1899"]
[BlackElo "1774"]
[Annotator "Rivier,Sylvain"]
[PlyCount "77"]
[EventDate "2022.??.??"]

{Défense française, variante Rubinstein} 1. e4 e6 2. d4 d5 3. Nd2 dxe4 4. Nxe4
Nc6 5. Nf3 Qd5 6. Bd3 Bd7 7. c4 Bb4+ 8. Bd2 Qa5 9. a3 Bxd2+ 10. Qxd2 Qxd2+ 11.
Kxd2 Nge7 12. Kc3 O-O-O 13. b4 Be8 14. b5 Nb8 15. a4 h6 16. a5 Nd7 17. Rhd1 f5
18. Nc5 Nxc5 19. dxc5 Bh5 20. Re1 Bxf3 21. gxf3 Ng6 22. b6 a6 23. c6 Nf4 24.
cxb7+ Kxb7 25. Bf1 c6 26. Rad1 g5 27. c5 Rd5 28. Rxd5 Nxd5+ 29. Kd4 Nf4 30. Ke5
Rd8 31. Bc4 Rd2 32. Kf6 Rc2 33. Bxe6 Rxc5 34. Re5 Nh5+ 35. Kxf5 Ng7+ 36. Kf6
Ne8+ 37. Kf5 Ng7+ 38. Kf6 Ne8+ 39. Kf5 1/2-1/2

[Event "20e tournoi d'automne"]
[Site "Montigny le Bretonneux"]
[Date "2022.10.24"]
[Round "3.7"]
[White "Kvashyna, Tetyana"]
[Black "Longbien, Dominique"]
[Result "1-0"]
[WhiteElo "1677"]
[BlackElo "1379"]
[Annotator "Rivier,Sylvain"]
[PlyCount "137"]
[EventDate "2022.??.??"]

{Gambit dame, dÃ©fense slave} 1. d4 c6 2. Nf3 d5 3. e3 Bf5 4. c4 e6 5. Qb3 Qc7
6. Nc3 Nf6 7. Be2 Be7 8. O-O h6 9. Bd2 O-O 10. Rac1 Qb6 11. c5 Qxb3 12. axb3
Nbd7 13. b4 b5 14. Ra1 a6 15. Ra2 Ra7 16. Rfa1 Rfa8 17. h3 Bd8 18. b3 Bc7 19.
Nh4 Bh7 20. f4 Bd8 21. Nf3 Nh5 22. Kh2 Bc7 23. g4 Nhf6 24. g5 hxg5 25. Nxg5 Bf5
26. Nf3 Ne4 27. Nxe4 Bxe4 28. Ng5 Bg6 29. Bg4 Bf5 30. Bh5 g6 31. Be2 f6 32. Nf3
Kf7 33. Nh4 Be4 34. Bf3 Bxf3 35. Nxf3 e5 36. Kh1 Rh8 37. Rxa6 Rxa6 38. Rxa6 Nb8
39. Ra7 Rc8 40. fxe5 fxe5 41. Nxe5+ Kf6 42. Ng4+ Kf5 43. Kg2 Nd7 44. Kf3 Nf8
45. Nh6+ Kf6 46. h4 Ne6 47. Be1 Rf8 48. Ke2 Rh8 49. Ng4+ Kf5 50. Kf3 g5 51. Bg3
gxh4 52. Bxc7 Rh7 53. Ne5 h3 54. Bb6 Ng5+ 55. Kg3 Rh8 56. Kh2 Ke4 57. Re7 Kf5
58. Rg7 Ra8 59. Ba5 Kf6 60. Rg6+ Kf5 61. Rxc6 Ke4 62. Rg6 Nf3+ 63. Nxf3 Kxf3
64. Rg3+ Ke4 65. Rxh3 Rf8 66. c6 Rf2+ 67. Kg1 Rb2 68. c7 Rc2 69. Rh8 1-0

[Event "20e tournoi d'automne"]
[Site "Montigny le Bretonneux"]
[Date "2022.10.24"]
[Round "3.8"]
[White "Danek, Victor"]
[Black "Cogez, Celine"]
[Result "0-1"]
[WhiteElo "1342"]
[BlackElo "1651"]
[Annotator "Rivier,Sylvain"]
[PlyCount "58"]
[EventDate "2022.??.??"]

{Ouverture anglaise, défense Caro-Kann} 1. c4 c6 2. Nc3 d5 3. g3 d4 4. Ne4 f5
5. Nc5 e5 6. Nb3 a5 7. d3 Nf6 8. a4 Bd6 9. Bg2 O-O 10. h3 Re8 11. Nf3 Na6 12.
O-O Rb8 13. Qc2 Nb4 14. Qd1 c5 15. Bd2 e4 16. Bxb4 exf3 17. Bxa5 b6 18. Bxf3
bxa5 19. Qd2 Rxb3 20. Qc2 Qb6 21. Rab1 Bb7 22. Bg2 Bxg2 23. Kxg2 Rb8 24. Qd2
Bc7 25. Qg5 Qe6 26. Qd2 h6 27. Rfe1 Qc6+ 28. Kg1 Qxa4 29. Ra1 Qb4 0-1

[Event "20e tournoi d'automne"]
[Site "Montigny le Bretonneux"]
[Date "2022.10.24"]
[Round "3.9"]
[White "Ascencio-Parvy, Joseph"]
[Black "Benard, Franck"]
[Result "1-0"]
[WhiteElo "1650"]
[BlackElo "1365"]
[Annotator "Rivier,Sylvain"]
[PlyCount "35"]
[EventDate "2022.??.??"]

{Partie du centre} 1. e4 e5 2. d4 exd4 3. Nf3 c5 4. Bc4 f6 5. c3 dxc3 6. Qb3
Nh6 7. Nxc3 Nc6 8. Bxh6 gxh6 9. Bf7+ Ke7 10. Bh5 d5 11. Nxd5+ Kd6 12. O-O-O Nd4
13. Nxd4 cxd4 14. Rxd4 Ke5 15. Rhd1 Qa5 16. f4+ Ke6 17. Nc7+ Ke7 18. Qf7# 1-0